000 00419nam a2200145Ia 4500
008 100204s9999 xx 000 0 und d
082 _b8714
100 _aकाकडे द. स.
245 _aतमाशा
260 _b"बांदोडकर पब्लिशिंग हाऊस, गोवा"
_c1986
300 _a226
630 _aतमाशा
730 _aतमाशा
942 _cBOOK
999 _c453150
_d453147